书目信息 |
| 题名: |
工业污染减排潜力分析与技术评估
|
|
| 作者: | 孙园园 , 白璐 , 乔琦 著 | |
| 分册: | ||
| 出版信息: | 北京 化学工业出版社 2025.01 |
|
| 页数: | 382页, [20] 页图版 | |
| 开本: | 26cm | |
| 丛书名: | 工业污染源控制与管理丛书 | |
| 单 册: | ||
| 中图分类: | X322 | |
| 科图分类: | ||
| 主题词: | 工业污染防治--gong ye wu ran fang zhi--研究 | |
| 电子资源: | ||
| ISBN: | 978-7-122-45687-8 | |
| 000 | 01426nam 2200313 450 | |
| 001 | 92330 | |
| 005 | 20250817210703.15 | |
| 010 | @a978-7-122-45687-8@dCNY180.00 | |
| 100 | @a20241223d2025 em y0chiy50 ea | |
| 101 | 0 | @achi |
| 102 | @aCN@b110000 | |
| 105 | @aaf a 001yy | |
| 106 | @ar | |
| 200 | 1 | @a工业污染减排潜力分析与技术评估@Agong ye wu ran jian pai qian li fen xi yu ji shu ping gu@d= Potential analysis and technical evaluation of industrial pollution reduction@f孙园园, 白璐, 乔琦等著@zeng |
| 210 | @a北京@c化学工业出版社@d2025.01 | |
| 215 | @a382页, [20] 页图版@c图@d26cm | |
| 225 | 2 | @a工业污染源控制与管理丛书@Agong ye wu ran yuan kong zhi yu guan li cong shu |
| 300 | @a国家出版基金项目 “十四五”国家重点出版物出版规划项目 | |
| 320 | @a有书目 (第369-377页) 和索引 | |
| 330 | @a本书针对当前工业污染源精准化管理的热点研究问题, 以实现区域、流域、行业精准化污染减排潜力分析为主线, 主要介绍了作者及其团队在工业污染源精准化管理领域的多个层面和尺度开展的潜力分析、精准化管理、决策及实践应用案例。 | |
| 410 | 0 | @12001 @a工业污染源控制与管理丛书 |
| 510 | 1 | @aPotential analysis and technical evaluation of industrial pollution reduction@zeng |
| 606 | 0 | @a工业污染防治@Agong ye wu ran fang zhi@x研究 |
| 690 | @aX322@v5 | |
| 701 | 0 | @a孙园园@Asun yuan yuan@4著 |
| 701 | 0 | @a白璐@Abai lu@4著 |
| 701 | 0 | @a乔琦@Aqiao qi@4著 |
| 801 | 0 | @aCN@c20250909 |
| 905 | @a河南城建学院图书馆@dX322@eS970@f1 | |
| 工业污染减排潜力分析与技术评估= Potential analysis and technical evaluation of industrial pollution reduction/孙园园, 白璐, 乔琦等著.-北京:化学工业出版社,2025.01 |
| 382页, [20] 页图版:图;26cm.-(工业污染源控制与管理丛书) |
| 国家出版基金项目 “十四五”国家重点出版物出版规划项目 |
| ISBN 978-7-122-45687-8:CNY180.00 |
| 本书针对当前工业污染源精准化管理的热点研究问题, 以实现区域、流域、行业精准化污染减排潜力分析为主线, 主要介绍了作者及其团队在工业污染源精准化管理领域的多个层面和尺度开展的潜力分析、精准化管理、决策及实践应用案例。 |
| ● |
| 相关链接 |
|
|
|
正题名:工业污染减排潜力分析与技术评估
索取号:X322/S970
 
预约/预借
| 序号 | 登录号 | 条形码 | 馆藏地/架位号 | 状态 | 备注 |
| 1 | 1626294 | 216262942 | 自科库501/501自科库 66排5列5层/ [索取号:X322/S970] | 在馆 |